000 00282nam a22001337a 4500
008 170622b xxu||||| |||| 00| 0 eng d
020 _a0803240954
041 _aeng
080 _a32
100 _a20
101 _aSHP
245 _aFEEDING THE CRISIS
_cGARST, R
942 _2udc
_cBK
999 _c18728
_d18728